000 00602nam a2200181Ia 4500
999 _c36916
_d36916
003 OSt
005 20210123102212.0
008 190216s9999||||xx |||||||||||||| ||und||
020 _a9780070616370
040 _coclc
082 _a530.076
_bMAL/S
100 _aMalhotra, Stalin
_98394
245 0 _aStudy Package For Medical College Entrance Examinations /
_cStalin Malhotra ; Vinay Kumar ; Prem Dhawan
260 _bTata Mcgraw Hill Publishing Company Ltd,
_c2008.
_aNew Delhi:
300 _a424p
650 _aReferences
942 _cREF
_2ddc
_h530.076
_iMAL/S
_k530.076
_mMAL/S